000
00228 a2200097 4500
001
46102
100
_a
Dander M M
245
_a
Airman's International dictionary
260
_a
London
_b
Charles Grittin
_c
090
_c
29206
_d
29206
942
_a
NUST-CAE
_c
M
_c
21343
999
_c
281175
_d
281175